Vincitori Monte Carlo Masters - Singolare maschile - Statistics

Statistiche generali
  • Questo quiz è stato fatto 5 volte
  • Il punteggio medio è 23 su 33
Statistiche sulle risposte
Edizione Nazione Tennista vincitore % Corretto
2013 Serbia Novak Djokovic
100%
2015 Serbia Novak Djokovic
100%
2005 Spagna Rafael Nadal
100%
2006 Spagna Rafael Nadal
100%
2007 Spagna Rafael Nadal
100%
2008 Spagna Rafael Nadal
100%
2009 Spagna Rafael Nadal
100%
2010 Spagna Rafael Nadal
100%
2011 Spagna Rafael Nadal
100%
2012 Spagna Rafael Nadal
100%
2016 Spagna Rafael Nadal
100%
2017 Spagna Rafael Nadal
100%
2018 Spagna Rafael Nadal
100%
2014 Svizzera Stan Wawrinka
100%
2021 Grecia Stefanos Tsitsipas
100%
2022 Grecia Stefanos Tsitsipas
100%
2019 Italia Fabio Fognini
80%
2023 Russia Andrey Rublev
60%
1994 Ucraina Andriy Medvedev
60%
1998 Spagna Carlos Moyá
60%
2004 Argentina Guillermo Coria
60%
1999 Brasile Gustavo Kuerten
60%
2001 Brasile Gustavo Kuerten
60%
2002 Spagna Juan Carlos Ferrero
60%
2003 Spagna Juan Carlos Ferrero
60%
1997 Cile Marcelo Ríos
40%
1992 Austria Thomas Muster
40%
1995 Austria Thomas Muster
40%
1996 Austria Thomas Muster
40%
1990 Unione Sovietica Andrei Chesnokov
0%
2000 Francia Cédric Pioline
0%
1991 Spagna Sergi Bruguera
0%
1993 Spagna Sergi Bruguera
0%
Nessun quiz corrispondente trovato
Distribuzione punteggi
Percentuale di utenti per punteggio
Percentile per numero di risposta
I tuoi punteggi nel tempo
Non hai fatto questo quiz